[Event "Madrid-ch 2020-2021 - Previa A"]
[Site "Madrid ESP"]
[Date "2021.02.15"]
[Round "4.14"]
[White "Hernandez Brea, Rolando"]
[Black "Martinez Miura, Enrique"]
[Result "1/2-1/2"]
[WhiteElo "1455"]
[BlackElo "1571"]
[PlyCount "81"]
[EventDate "2021.02.08"]
[EventType "swiss"]
[EventRounds "9"]
[EventCountry "ESP"]
[SourceTitle "Ajedrez en Madrd"]
[Source "lmi"]
[SourceDate "2021.02.08"]
[SourceVersion "1"]
[SourceVersionDate "2021.03.04"]
[SourceQuality "1"]

1. e4 e6 2. Nf3 d5 3. exd5 exd5 4. d4 Nf6 5. Be2 h6 6. b3 Bd6 7. Bb2 O-O 8. O-O
Bf5 9. Nbd2 Nbd7 10. c4 c6 11. c5 Bc7 12. b4 a6 13. Nb3 Ne4 14. Nfd2 Nxd2 15.
Nxd2 Nf6 16. Re1 Ne4 17. Nxe4 Bxe4 18. Bd3 Bxd3 19. Qxd3 Qh4 20. g3 Qf6 21. Re2
Rfe8 22. Rae1 Rxe2 23. Rxe2 Rc8 24. Re3 g6 25. Qe2 Kf8 26. a4 b5 27. a5 h5 28.
Qd3 Re8 29. Bc1 Rxe3 30. Bxe3 Kg8 31. Kg2 h4 32. Qd2 hxg3 33. hxg3 Bd8 34. Bf4
Qe6 35. f3 Bf6 36. g4 Bg7 37. Kg3 Qe7 38. Be3 Qc7+ 39. Bf4 Qe7 40. Be3 Qc7+ 41.
Bf4 1/2-1/2

[Event "Madrid-ch 2020-2021 - Previa A"]
[Site "Madrid ESP"]
[Date "2021.02.15"]
[Round "4.15"]
[White "Suhayl, Muminov"]
[Black "Peña Gutierrez, Jacobo"]
[Result "1-0"]
[WhiteElo "1510"]
[BlackElo "1151"]
[PlyCount "69"]
[EventDate "2021.02.08"]
[EventType "swiss"]
[EventRounds "9"]
[EventCountry "ESP"]
[SourceTitle "Ajedrez en Madrd"]
[Source "lmi"]
[SourceDate "2021.02.08"]
[SourceVersion "1"]
[SourceVersionDate "2021.03.04"]
[SourceQuality "1"]

1. d4 Nf6 2. Bf4 g6 3. Nc3 Bg7 4. e4 O-O 5. Qd2 Re8 6. e5 Nh5 7. Bh6 d6 8. g4
Bxh6 9. Qxh6 Ng7 10. O-O-O Bxg4 11. Be2 Nf5 12. Qg5 Bxe2 13. Ngxe2 f6 14. exf6
exf6 15. Qf4 Nc6 16. h4 Ng7 17. Rdg1 Nh5 18. Qh6 Kh8 19. Rxg6 Ne7 20. Rgg1 Rg8
21. Qxh5 Ng6 22. Qb5 b6 23. h5 Ne7 24. Rxg8+ Qxg8 25. Rg1 Qf7 26. Qd7 Rf8 27.
Qxc7 Nc8 28. Qxf7 Rxf7 29. Nf4 Ne7 30. d5 h6 31. Ng6+ Nxg6 32. Rxg6 f5 33.
Rxh6+ Rh7 34. Rxh7+ Kxh7 35. Nb5 1-0

[Event "Madrid-ch 2020-2021 - Previa A"]
[Site "Madrid ESP"]
[Date "2021.02.16"]
[Round "5.1"]
[White "Morera Rodriguez, Ignacio"]
[Black "Barahona Torrijos, Angel"]
[Result "1-0"]
[WhiteElo "1924"]
[BlackElo "1842"]
[PlyCount "79"]
[EventDate "2021.02.08"]
[EventType "swiss"]
[EventRounds "9"]
[EventCountry "ESP"]
[SourceTitle "Ajedrez en Madrd"]
[Source "lmi"]
[SourceDate "2021.02.08"]
[SourceVersion "1"]
[SourceVersionDate "2021.03.04"]
[SourceQuality "1"]

1. d4 Nf6 2. c4 e6 3. g3 c5 4. d5 exd5 5. cxd5 b5 6. Nf3 Bb7 7. e4 Nxe4 8. Bg2
Be7 9. O-O O-O 10. Re1 f5 11. Nfd2 Nd6 12. Nb3 Na6 13. Bf4 c4 14. Nd4 Nc7 15.
Nc6 dxc6 16. dxc6 Ba6 17. Rxe7 Qxe7 18. Bxd6 Qf7 19. Bxf8 Rxf8 20. Nc3 f4 21.
Bd5 Nxd5 22. Qxd5 fxg3 23. hxg3 b4 24. Qxf7+ Kxf7 25. Nd5 Rb8 26. Re1 Rb5 27.
Re7+ Kf8 28. Rd7 Rc5 29. Nxb4 Bb5 30. Rxa7 c3 31. bxc3 Rxc3 32. c7 Bd7 33. Ra8+
Kf7 34. Ra7 Ke6 35. Ra6+ Ke5 36. f4+ Ke4 37. Rc6 Rxg3+ 38. Kh2 Rh3+ 39. Kg2 Bc8
40. Rc4+ 1-0

[Event "Madrid-ch 2020-2021 - Previa A"]
[Site "Madrid ESP"]
[Date "2021.02.16"]
[Round "5.2"]
[White "Huerto Moreno, Jorge"]
[Black "Rico Jimenez, Samuel"]
[Result "0-1"]
[WhiteElo "1796"]
[BlackElo "1834"]
[PlyCount "94"]
[EventDate "2021.02.08"]
[EventType "swiss"]
[EventRounds "9"]
[EventCountry "ESP"]
[SourceTitle "Ajedrez en Madrd"]
[Source "lmi"]
[SourceDate "2021.02.08"]
[SourceVersion "1"]
[SourceVersionDate "2021.03.04"]
[SourceQuality "1"]

1. e4 e5 2. Nf3 Nc6 3. Bc4 Nf6 4. Ng5 d5 5. exd5 Na5 6. Bb5+ c6 7. dxc6 bxc6 8.
Bd3 Nd5 9. Nf3 Bd6 10. O-O O-O 11. Be4 f5 12. Bxd5+ cxd5 13. d4 e4 14. Ne5 f4
15. Nc3 Be6 16. b3 Rc8 17. Nb5 Bb8 18. Bd2 a6 19. Qe1 Nc6 20. Na3 Nxe5 21. dxe5
Bxe5 22. Rd1 f3 23. g3 Rf5 24. c4 Rh5 25. cxd5 Bxd5 26. Ba5 Qd7 27. Qxe4 Bb2
28. Rxd5 Qxd5 29. Qxd5+ Rxd5 30. Bb4 a5 31. Be7 Kf7 32. Nc4 Kxe7 33. Nxb2 Rc2
34. Re1+ Re2 35. Kf1 Rde5 36. Nd3 Rxe1+ 37. Nxe1 Rf5 38. g4 Rf6 39. h3 Ke6 40.
Kg1 Kd5 41. Nc2 Ke4 42. Kh2 Kf4 43. Ne3 Re6 44. a3 Rxe3 45. fxe3+ Kxe3 46. b4
f2 47. Kg2 Ke2 0-1

[Event "Madrid-ch 2020-2021 - Previa A"]
[Site "Madrid ESP"]
[Date "2021.02.16"]
[Round "5.3"]
[White "Torres Rebolledo, Victor"]
[Black "Diaz-Roncero Gonzalez, Daniel"]
[Result "1/2-1/2"]
[WhiteElo "1818"]
[BlackElo "1552"]
[PlyCount "87"]
[EventDate "2021.02.08"]
[EventType "swiss"]
[EventRounds "9"]
[EventCountry "ESP"]
[SourceTitle "Ajedrez en Madrd"]
[Source "lmi"]
[SourceDate "2021.02.08"]
[SourceVersion "1"]
[SourceVersionDate "2021.03.04"]
[SourceQuality "1"]

1. d4 d5 2. c4 c6 3. Nc3 e6 4. e4 dxe4 5. Nxe4 Bb4+ 6. Bd2 Qxd4 7. Bxb4 Qxe4+
8. Be2 Na6 9. Ba5 b6 10. Bc3 Nf6 11. Qd6 Bd7 12. O-O-O O-O-O 13. Qa3 Kb7 14.
Bf3 Qf4+ 15. Kb1 Bc8 16. Qe7+ Qc7 17. Bxf6 gxf6 18. Qxf6 Rxd1+ 19. Bxd1 Rd8 20.
Nf3 Nb4 21. Be2 Kb8 22. a3 Na6 23. Rd1 Rxd1+ 24. Bxd1 Nc5 25. Bc2 Nb7 26. Bxh7
Na5 27. Bd3 Ba6 28. Qc3 Qf4 29. Qe5+ Qxe5 30. Nxe5 f6 31. Nd7+ Kc7 32. Nxf6
Nxc4 33. Bg6 Kd6 34. h4 Ne5 35. Be4 Nc4 36. f3 Ke5 37. Ng4+ Kf4 38. g3+ Kxg3
39. h5 Nd6 40. Ne5 Kf4 41. Nxc6 Nxe4 42. fxe4 Bd3+ 43. Kc1 Bxe4 44. Nd8 1/2-1/2

[Event "Madrid-ch 2020-2021 - Previa A"]
[Site "Madrid ESP"]
[Date "2021.02.16"]
[Round "5.4"]
[White "Martin-Buitrago Lopez, Antonio"]
[Black "Gutierrez Diaz, Pablo"]
[Result "1-0"]
[WhiteElo "1686"]
[BlackElo "1879"]
[PlyCount "45"]
[EventDate "2021.02.08"]
[EventType "swiss"]
[EventRounds "9"]
[EventCountry "ESP"]
[SourceTitle "Ajedrez en Madrd"]
[Source "lmi"]
[SourceDate "2021.02.08"]
[SourceVersion "1"]
[SourceVersionDate "2021.03.04"]
[SourceQuality "1"]

1. e4 c5 2. Nc3 e6 3. f4 a6 4. Nf3 Nc6 5. Be2 d5 6. e5 b5 7. d4 Nh6 8. Nb1 Nf5
9. c3 cxd4 10. cxd4 Qb6 11. O-O Bb7 12. Kh1 Nfxd4 13. Be3 Bc5 14. b4 Nb3 15.
bxc5 Nxc5 16. Nbd2 d4 17. Nxd4 Na4 18. Nf5 exf5 19. Bxb6 Nxb6 20. Bf3 O-O 21.
Nb3 Rad8 22. Qc1 Nc4 23. Qc3 1-0

[Event "Madrid-ch 2020-2021 - Previa A"]
[Site "Madrid ESP"]
[Date "2021.02.16"]
[Round "5.5"]
[White "Sanchez Romeralo, Jaime"]
[Black "De Luna Butz, Alberto"]
[Result "1/2-1/2"]
[WhiteElo "1755"]
[BlackElo "1691"]
[PlyCount "64"]
[EventDate "2021.02.08"]
[EventType "swiss"]
[EventRounds "9"]
[EventCountry "ESP"]
[SourceTitle "Ajedrez en Madrd"]
[Source "lmi"]
[SourceDate "2021.02.08"]
[SourceVersion "1"]
[SourceVersionDate "2021.03.04"]
[SourceQuality "1"]

1. d4 d5 2. Nf3 e6 3. e3 c5 4. b3 Nc6 5. Bb2 Nf6 6. Bd3 Be7 7. dxc5 Bxc5 8. O-O
O-O 9. Nbd2 Re8 10. Ne5 Nxe5 11. Bxe5 Bd6 12. Nf3 Qc7 13. Bxd6 Qxd6 14. Nd4 e5
15. Nb5 Qe7 16. c4 a6 17. Nc3 dxc4 18. Bxc4 b5 19. Nd5 Nxd5 20. Bxd5 Bb7 21.
Bxb7 Qxb7 22. Qg4 Qc8 23. Qe4 f5 24. Qd5+ Qe6 25. Rfd1 Rac8 26. Qxe6+ Rxe6 27.
Rd7 Rec6 28. g3 h6 29. Rad1 Rc1 30. Rxc1 Rxc1+ 31. Kg2 Rc2 32. a4 bxa4 1/2-1/2

[Event "Madrid-ch 2020-2021 - Previa A"]
[Site "Madrid ESP"]
[Date "2021.02.16"]
[Round "5.6"]
[White "Vukotic Jovsic, Dragan"]
[Black "Alonso Pardo, Daniel"]
[Result "1-0"]
[WhiteElo "1879"]
[BlackElo "1568"]
[PlyCount "83"]
[EventDate "2021.02.08"]
[EventType "swiss"]
[EventRounds "9"]
[EventCountry "ESP"]
[SourceTitle "Ajedrez en Madrd"]
[Source "lmi"]
[SourceDate "2021.02.08"]
[SourceVersion "1"]
[SourceVersionDate "2021.03.04"]
[SourceQuality "1"]

1. d4 d5 2. Bf4 Nf6 3. e3 a6 4. Nf3 Bg4 5. Be2 Nc6 6. O-O e6 7. Nbd2 Bd6 8. Ne5
Bxe2 9. Qxe2 Bxe5 10. dxe5 Nd7 11. e4 O-O 12. exd5 exd5 13. Nf3 Qe7 14. Rad1
Nb6 15. Rfe1 Rfe8 16. c3 h6 17. Kf1 Rad8 18. b3 Qe6 19. Nd4 Nxd4 20. cxd4 Qf5
21. Qd2 Re6 22. Rc1 Rc8 23. Rc5 c6 24. Qc1 Nd7 25. Rxd5 Nf8 26. Rd6 Rce8 27.
Bg3 Kh7 28. Qb1 Qxb1 29. Rxb1 Rxd6 30. exd6 Ne6 31. Rd1 Rd8 32. d5 cxd5 33.
Rxd5 Rd7 34. f4 f6 35. h4 Kg8 36. f5 Kf7 37. fxe6+ Kxe6 38. Rc5 g6 39. Bh2 h5
40. Ke2 Kf7 41. Kd3 Ke6 42. Kd4 1-0

[Event "Madrid-ch 2020-2021 - Previa A"]
[Site "Madrid ESP"]
[Date "2021.02.16"]
[Round "5.7"]
[White "Giron Herranz, Juan"]
[Black "De Fuenmayor Fernandez de la , Carlos Pablo"]
[Result "1-0"]
[WhiteElo "1796"]
[BlackElo "1386"]
[PlyCount "89"]
[EventDate "2021.02.08"]
[EventType "swiss"]
[EventRounds "9"]
[EventCountry "ESP"]
[SourceTitle "Ajedrez en Madrd"]
[Source "lmi"]
[SourceDate "2021.02.08"]
[SourceVersion "1"]
[SourceVersionDate "2021.03.04"]
[SourceQuality "1"]

1. d4 d5 2. c4 e6 3. Nc3 Nf6 4. Bg5 Be7 5. e3 O-O 6. Nf3 h6 7. Bh4 Ne4 8. Bxe7
Qxe7 9. Nxe4 dxe4 10. Nd2 f5 11. Be2 c5 12. Nb3 cxd4 13. Qxd4 Nc6 14. Qc3 Qb4
15. Qxb4 Nxb4 16. O-O Rd8 17. a3 Nc6 18. Rfd1 b6 19. Rxd8+ Nxd8 20. Rd1 Nf7 21.
Nd4 e5 22. Nb5 a6 23. Nd6 Be6 24. Nxf7 Bxf7 25. Rd6 Rc8 26. Rxb6 Bxc4 27. Bxc4+
Rxc4 28. Kf1 Rc1+ 29. Ke2 Rc2+ 30. Ke1 f4 31. exf4 exf4 32. b4 Kh7 33. Rxa6 g5
34. b5 g4 35. b6 g3 36. hxg3 fxg3 37. fxg3 Rb2 38. Ra7+ Kg6 39. b7 Kg5 40. a4
e3 41. Ra5+ Kg4 42. Rb5 Rxg2 43. b8=Q Rxg3 44. Qxg3+ Kxg3 45. Rh5 1-0

[Event "Madrid-ch 2020-2021 - Previa A"]
[Site "Madrid ESP"]
[Date "2021.02.16"]
[Round "5.8"]
[White "Villodre Miranda, Juan Alonso"]
[Black "Vega de Alba, Miguel"]
[Result "0-1"]
[WhiteElo "1577"]
[BlackElo "1759"]
[PlyCount "62"]
[EventDate "2021.02.08"]
[EventType "swiss"]
[EventRounds "9"]
[EventCountry "ESP"]
[SourceTitle "Ajedrez en Madrd"]
[Source "lmi"]
[SourceDate "2021.02.08"]
[SourceVersion "1"]
[SourceVersionDate "2021.03.04"]
[SourceQuality "1"]

1. c4 e6 2. e4 d5 3. cxd5 exd5 4. d3 dxe4 5. Qa4+ Nc6 6. dxe4 Bc5 7. Bb5 Bd7 8.
Nc3 a6 9. Bxc6 Bxc6 10. Qc2 Nf6 11. Bg5 h6 12. Bh4 g5 13. Bg3 Qe7 14. f3 O-O-O
15. Bf2 Rd7 16. Rd1 Rhd8 17. Rxd7 Rxd7 18. Nd1 Bxe4 19. fxe4 Nxe4 20. Bxc5
Nxc5+ 21. Qe2 Nd3+ 22. Kf1 Qf6+ 23. Nf3 g4 24. Qe8+ Rd8 25. Qe4 gxf3 26. Qxf3
Qe5 27. Qg3 Qb5 28. Qg4+ Kb8 29. Qh4 Nf4+ 30. Kf2 Qe2+ 31. Kg3 Qxg2+ 0-1

[Event "Madrid-ch 2020-2021 - Previa A"]
[Site "Madrid ESP"]
[Date "2021.02.16"]
[Round "5.9"]
[White "Darrazi Anbari, Munir"]
[Black "Tapia Sanchez, Jose Manuel"]
[Result "0-1"]
[WhiteElo "1376"]
[BlackElo "1738"]
[PlyCount "52"]
[EventDate "2021.02.08"]
[EventType "swiss"]
[EventRounds "9"]
[EventCountry "ESP"]
[SourceTitle "Ajedrez en Madrd"]
[Source "lmi"]
[SourceDate "2021.02.08"]
[SourceVersion "1"]
[SourceVersionDate "2021.03.04"]
[SourceQuality "1"]

1. e4 c5 2. Nf3 e6 3. d4 cxd4 4. Nxd4 a6 5. c4 Qc7 6. Nc3 Nf6 7. a3 b6 8. Bg5
Bb7 9. f3 Be7 10. Be2 d6 11. O-O Nbd7 12. Rc1 Rc8 13. Kh1 O-O 14. Qd2 Rfe8 15.
Rfd1 Qb8 16. b3 Bf8 17. Qb2 g6 18. Rd2 Rc5 19. Be3 Rc7 20. Rcd1 Rcc8 21. Bf2
Bh6 22. f4 Bxf4 23. Rd3 Nc5 24. Rf3 Be5 25. b4 Ncxe4 26. Nxe4 Bxe4 0-1

[Event "Madrid-ch 2020-2021 - Previa A"]
[Site "Madrid ESP"]
[Date "2021.02.16"]
[Round "5.12"]
[White "Torres Rebolledo, Alvaro"]
[Black "Suhayl, Muminov"]
[Result "1-0"]
[WhiteElo "1251"]
[BlackElo "1510"]
[PlyCount "49"]
[EventDate "2021.02.08"]
[EventType "swiss"]
[EventRounds "9"]
[EventCountry "ESP"]
[SourceTitle "Ajedrez en Madrd"]
[Source "lmi"]
[SourceDate "2021.02.08"]
[SourceVersion "1"]
[SourceVersionDate "2021.03.04"]
[SourceQuality "1"]

1. e4 e5 2. Nf3 Nc6 3. Bc4 Bc5 4. b4 Bxb4 5. c3 Be7 6. d4 Na5 7. Nxe5 Nxc4 8.
Nxc4 d5 9. exd5 Qxd5 10. Ne3 Qd8 11. O-O Nf6 12. Ba3 O-O 13. Bxe7 Qxe7 14. Nd2
b6 15. Re1 Qd8 16. Qf3 Rb8 17. Ne4 Nxe4 18. Qxe4 Bb7 19. Qg4 Qf6 20. Nf5 Kh8
21. Ng3 Qc6 22. Nf5 g6 23. Ne7 Qxc3 24. Qh4 Rbe8 25. Qf6# 1-0

[Event "Madrid-ch 2020-2021 - Previa A"]
[Site "Madrid ESP"]
[Date "2021.02.16"]
[Round "5.13"]
[White "Martinez Miura, Enrique"]
[Black "Martin Garcia, Francisco Javier"]
[Result "1-0"]
[WhiteElo "1571"]
[BlackElo "1446"]
[PlyCount "51"]
[EventDate "2021.02.08"]
[EventType "swiss"]
[EventRounds "9"]
[EventCountry "ESP"]
[SourceTitle "Ajedrez en Madrd"]
[Source "lmi"]
[SourceDate "2021.02.08"]
[SourceVersion "1"]
[SourceVersionDate "2021.03.04"]
[SourceQuality "1"]

1. e4 c5 2. Nf3 d6 3. d4 cxd4 4. Nxd4 Nf6 5. Nc3 a6 6. Be2 e5 7. Nf3 Be7 8. O-O
O-O 9. h3 Nbd7 10. Re1 Nc5 11. Bf1 b5 12. b4 Ncd7 13. a4 Bb7 14. axb5 axb5 15.
Rxa8 Qxa8 16. Bxb5 Rd8 17. Bg5 d5 18. Bxd7 Rxd7 19. Nxe5 Rd8 20. exd5 Bxb4 21.
Bxf6 Bxc3 22. Bxd8 Qxd8 23. Re3 Ba5 24. c4 Qd6 25. Nf3 Bb6 26. Re8+ 1-0

[Event "Madrid-ch 2020-2021 - Previa A"]
[Site "Madrid ESP"]
[Date "2021.02.17"]
[Round "6.1"]
[White "Diaz-Roncero Gonzalez, Daniel"]
[Black "Morera Rodriguez, Ignacio"]
[Result "1/2-1/2"]
[WhiteElo "1552"]
[BlackElo "1924"]
[PlyCount "139"]
[EventDate "2021.02.08"]
[EventType "swiss"]
[EventRounds "9"]
[EventCountry "ESP"]
[SourceTitle "Ajedrez en Madrd"]
[Source "lmi"]
[SourceDate "2021.02.08"]
[SourceVersion "1"]
[SourceVersionDate "2021.03.04"]
[SourceQuality "1"]

1. e4 c5 2. Nf3 d6 3. Bb5+ Bd7 4. Bxd7+ Nxd7 5. O-O Ngf6 6. Qe2 e6 7. d4 cxd4
8. Nxd4 Be7 9. c4 O-O 10. Nc3 a6 11. Be3 Qc7 12. Rac1 Rac8 13. b3 Rfe8 14. f3
Qb8 15. Qd2 Ne5 16. Rfd1 Nc6 17. Nxc6 Rxc6 18. a4 Bd8 19. Qd3 Nd7 20. Kh1 Bf6
21. Na2 Nc5 22. Qc2 a5 23. Nc3 Na6 24. Nb5 d5 25. c5 dxe4 26. Qxe4 Be7 27. Nd6
Nxc5 28. Rxc5 Rxd6 29. Rxd6 Qxd6 30. Rxa5 Qd1+ 31. Bg1 Qxb3 32. Rb5 Qd1 33.
Rxb7 Bf6 34. Rb1 Qd2 35. Be3 Qa5 36. Bb6 Qa6 37. Qb4 Rc8 38. Qb5 Qxb5 39. axb5
Rb8 40. Bc7 Rb7 41. b6 Kf8 42. Rd1 Ke8 43. Kg1 Be7 44. Rc1 Bd8 45. Kf2 Be7 46.
Ke3 Bb4 47. Kd4 Kd7 48. Kc4 Bd6 49. Rd1 Rxc7+ 50. bxc7 Kxc7 51. h3 Kd7 52. Ra1
Ke7 53. Ra6 Bg3 54. Kd3 Kf6 55. Ra4 h5 56. Ke3 g5 57. Ra5 Kg6 58. Ke4 Kf6 59.
Kd4 Kg6 60. Kc5 Kf5 61. Kc6+ Kf4 62. Kd7 Bh4 63. Ke7 g4+ 64. Kxf7 gxh3 65. gxh3
Kxf3 66. Kxe6 Kg2 67. Ra3 Bg3 68. Ra5 h4 69. Rh5 Kxh3 70. Rxh4+ 1/2-1/2

[Event "Madrid-ch 2020-2021 - Previa A"]
[Site "Madrid ESP"]
[Date "2021.02.17"]
[Round "6.2"]
[White "Rico Jimenez, Samuel"]
[Black "Torres Rebolledo, Victor"]
[Result "0-1"]
[WhiteElo "1834"]
[BlackElo "1818"]
[PlyCount "148"]
[EventDate "2021.02.08"]
[EventType "swiss"]
[EventRounds "9"]
[EventCountry "ESP"]
[SourceTitle "Ajedrez en Madrd"]
[Source "lmi"]
[SourceDate "2021.02.08"]
[SourceVersion "1"]
[SourceVersionDate "2021.03.04"]
[SourceQuality "1"]

1. e4 c5 2. Nf3 d6 3. d4 Nf6 4. Nc3 cxd4 5. Nxd4 g6 6. Be2 Bg7 7. O-O O-O 8.
Be3 Nc6 9. Kh1 d5 10. exd5 Nxd5 11. Nxd5 Qxd5 12. Bf3 Qd7 13. Nxc6 bxc6 14.
Qxd7 Bxd7 15. Rad1 Bf5 16. c3 Rfc8 17. Rd2 h5 18. h3 a6 19. Re1 Be6 20. a3 Rab8
21. Bg5 Rb7 22. Red1 Kh7 23. Be2 Rcb8 24. Bf4 Ra8 25. Bf3 Rc8 26. g4 hxg4 27.
hxg4 Bd5 28. Bxd5 cxd5 29. Re2 Rc4 30. Bg3 e6 31. f3 Rc6 32. Bf2 Rc8 33. Bg3
Rc5 34. Kg2 Kg8 35. Rb1 Rcb5 36. b4 Bxc3 37. Rc2 d4 38. Bd6 Rd5 39. Bc5 a5 40.
f4 axb4 41. axb4 e5 42. fxe5 Rxe5 43. Rxc3 dxc3 44. Bd4 f6 45. Bxe5 fxe5 46.
Rc1 Rxb4 47. Rxc3 Rxg4+ 48. Kh3 Rf4 49. Rc7 Rf7 50. Rc5 Rd7 51. Kg4 e4 52. Rc2
Kf7 53. Rf2+ Ke6 54. Rf8 Rf7 55. Ra8 Rf1 56. Ra5 Rf2 57. Kg3 Rf5 58. Ra6+ Ke5
59. Rxg6 e3 60. Rg8 Ke4 61. Re8+ Kd3 62. Rd8+ Ke2 63. Rd7 Ke1 64. Kg2 e2 65.
Re7 Rd5 66. Kf3 Rf5+ 67. Kg2 Rd5 68. Kf3 Rd3+ 69. Kg2 Rc3 70. Rd7 Rc1 71. Re7
Kd2 72. Rd7+ Kc2 73. Rc7+ Kb2 74. Rb7+ Ka3 0-1

[Event "Madrid-ch 2020-2021 - Previa A"]
[Site "Madrid ESP"]
[Date "2021.02.17"]
[Round "6.3"]
[White "Barahona Torrijos, Angel"]
[Black "Martin-Buitrago Lopez, Antonio"]
[Result "1-0"]
[WhiteElo "1842"]
[BlackElo "1686"]
[PlyCount "69"]
[EventDate "2021.02.08"]
[EventType "swiss"]
[EventRounds "9"]
[EventCountry "ESP"]
[SourceTitle "Ajedrez en Madrd"]
[Source "lmi"]
[SourceDate "2021.02.08"]
[SourceVersion "1"]
[SourceVersionDate "2021.03.04"]
[SourceQuality "1"]

1. e4 e6 2. d4 d5 3. Nc3 Nf6 4. e5 Nfd7 5. Nce2 c5 6. c3 Nc6 7. f4 b6 8. Ng3 a5
9. Nf3 cxd4 10. cxd4 Ba6 11. Bd3 Bxd3 12. Qxd3 Nb4 13. Qe2 Qc7 14. O-O Qc4 15.
Qxc4 dxc4 16. Ne4 Nd5 17. Nc3 a4 18. a3 Be7 19. Nxd5 exd5 20. f5 O-O 21. g4 f6
22. e6 Nb8 23. Bf4 Nc6 24. h4 Rae8 25. Be3 Na5 26. Rac1 b5 27. Rc2 Nb3 28. Nd2
Na5 29. Nb1 b4 30. axb4 Bxb4 31. g5 Nc6 32. gxf6 gxf6 33. Bh6 Nxd4 34. Rg2+ Kh8
35. Bg7+ 1-0

[Event "Madrid-ch 2020-2021 - Previa A"]
[Site "Madrid ESP"]
[Date "2021.02.17"]
[Round "6.4"]
[White "De Luna Butz, Alberto"]
[Black "Vukotic Jovsic, Dragan"]
[Result "1/2-1/2"]
[WhiteElo "1691"]
[BlackElo "1879"]
[PlyCount "100"]
[EventDate "2021.02.08"]
[EventType "swiss"]
[EventRounds "9"]
[EventCountry "ESP"]
[SourceTitle "Ajedrez en Madrd"]
[Source "lmi"]
[SourceDate "2021.02.08"]
[SourceVersion "1"]
[SourceVersionDate "2021.03.04"]
[SourceQuality "1"]

1. c4 e6 2. Nc3 d5 3. d4 Be7 4. Bf4 Nf6 5. Nf3 O-O 6. e3 c5 7. Bd3 dxc4 8. Bxc4
a6 9. dxc5 Bxc5 10. O-O b5 11. Be2 Bb7 12. Qc2 Nbd7 13. Rfd1 Rc8 14. Qd2 Qb6
15. Rac1 Rfd8 16. Qe1 Nd5 17. Nxd5 Bxd5 18. b4 Be7 19. a3 Nf6 20. Rxc8 Rxc8 21.
Rc1 Qb7 22. Be5 Nd7 23. Rxc8+ Qxc8 24. Qc3 Qxc3 25. Bxc3 Nb6 26. Nd2 f5 27. f4
Kf7 28. Kf2 Bf6 29. Bxf6 gxf6 30. Bf3 Bxf3 31. Kxf3 e5 32. e4 fxe4+ 33. Nxe4
Nc4 34. Nc5 Nxa3 35. Nxa6 Ke6 36. fxe5 Kxe5 37. Nc5 Nc2 38. Na6 f5 39. g4 Nd4+
40. Kg3 f4+ 41. Kf2 Ke4 42. Nc5+ Kd5 43. Nd3 Ne6 44. Kf3 Kc4 45. Nxf4 Nxf4 46.
Kxf4 Kxb4 47. g5 Ka3 48. h4 b4 49. h5 b3 50. g6 hxg6 1/2-1/2

[Event "Madrid-ch 2020-2021 - Previa A"]
[Site "Madrid ESP"]
[Date "2021.02.17"]
[Round "6.5"]
[White "Tapia Sanchez, Jose Manuel"]
[Black "Giron Herranz, Juan"]
[Result "1-0"]
[WhiteElo "1738"]
[BlackElo "1796"]
[PlyCount "53"]
[EventDate "2021.02.08"]
[EventType "swiss"]
[EventRounds "9"]
[EventCountry "ESP"]
[SourceTitle "Ajedrez en Madrd"]
[Source "lmi"]
[SourceDate "2021.02.08"]
[SourceVersion "1"]
[SourceVersionDate "2021.03.04"]
[SourceQuality "1"]

1. e4 c5 2. d4 cxd4 3. c3 d3 4. Nf3 Nc6 5. Bxd3 d6 6. h3 Nf6 7. O-O e6 8. a4
Be7 9. Na3 O-O 10. Qe2 a6 11. Bf4 d5 12. Rfd1 Bd7 13. e5 Nh5 14. Bc1 g6 15. g4
Ng7 16. Kg2 f6 17. Bf4 fxe5 18. Bxe5 Qb6 19. a5 Nxa5 20. Bd4 Qd8 21. Nc2 Nb3
22. Qe3 Nxa1 23. Qh6 Bf6 24. Ng5 Rf7 25. Qxh7+ Kf8 26. Nxf7 Kxf7 27. Bxg6+ 1-0

[Event "Madrid-ch 2020-2021 - Previa A"]
[Site "Madrid ESP"]
[Date "2021.02.17"]
[Round "6.6"]
[White "Vega de Alba, Miguel"]
[Black "Sanchez Romeralo, Jaime"]
[Result "1-0"]
[WhiteElo "1759"]
[BlackElo "1755"]
[PlyCount "37"]
[EventDate "2021.02.08"]
[EventType "swiss"]
[EventRounds "9"]
[EventCountry "ESP"]
[SourceTitle "Ajedrez en Madrd"]
[Source "lmi"]
[SourceDate "2021.02.08"]
[SourceVersion "1"]
[SourceVersionDate "2021.03.04"]
[SourceQuality "1"]

1. d4 Nf6 2. c4 e6 3. Nc3 Bb4 4. f3 c5 5. d5 b5 6. e4 bxc4 7. Bxc4 Ba6 8. Bxa6
Nxa6 9. Nge2 c4 10. O-O Nc5 11. e5 Nd3 12. exf6 Qb6+ 13. Kh1 gxf6 14. Nf4 Nf2+
15. Rxf2 Qxf2 16. dxe6 O-O-O 17. Ne4 Qb6 18. Nd5 Qb7 19. e7 1-0

[Event "Madrid-ch 2020-2021 - Previa A"]
[Site "Madrid ESP"]
[Date "2021.02.17"]
[Round "6.7"]
[White "Gutierrez Diaz, Pablo"]
[Black "Torres Rebolledo, Alvaro"]
[Result "1-0"]
[WhiteElo "1879"]
[BlackElo "1251"]
[PlyCount "91"]
[EventDate "2021.02.08"]
[EventType "swiss"]
[EventRounds "9"]
[EventCountry "ESP"]
[SourceTitle "Ajedrez en Madrd"]
[Source "lmi"]
[SourceDate "2021.02.08"]
[SourceVersion "1"]
[SourceVersionDate "2021.03.04"]
[SourceQuality "1"]

1. e4 e5 2. Nf3 Nc6 3. d4 exd4 4. Nxd4 Bc5 5. Nb3 Bb6 6. Nc3 Nge7 7. Qe2 O-O 8.
Be3 Bxe3 9. Qxe3 d6 10. O-O-O Ne5 11. h3 f6 12. f4 N5g6 13. Be2 f5 14. Bc4+ Kh8
15. e5 Nc6 16. h4 Re8 17. Qg3 Be6 18. Bxe6 Rxe6 19. Nc5 dxc5 20. Rxd8+ Rxd8 21.
Rd1 Rxd1+ 22. Nxd1 Nd4 23. Qa3 Nxf4 24. Qxc5 Kg8 25. Nc3 Nc6 26. Qf2 Ng6 27.
Qxf5 Rxe5 28. Qc8+ Kf7 29. Qxb7 Nd4 30. Qxa7 Ne6 31. a4 Nxh4 32. Qf2+ Nf5 33.
g4 g6 34. b4 h5 35. gxf5 Rxf5 36. Qe2 h4 37. a5 h3 38. a6 Rh5 39. a7 Rh8 40.
Qf3+ Ke7 41. a8=Q Rxa8 42. Qxa8 g5 43. Qf3 Nf4 44. Nd5+ Nxd5 45. Qxd5 g4 46.
Qd4 1-0

[Event "Madrid-ch 2020-2021 - Previa A"]
[Site "Madrid ESP"]
[Date "2021.02.17"]
[Round "6.9"]
[White "Hernandez Brea, Rolando"]
[Black "Pujante Martinez, Rafael"]
[Result "0-1"]
[WhiteElo "1455"]
[BlackElo "1911"]
[PlyCount "36"]
[EventDate "2021.02.08"]
[EventType "swiss"]
[EventRounds "9"]
[EventCountry "ESP"]
[SourceTitle "Ajedrez en Madrd"]
[Source "lmi"]
[SourceDate "2021.02.08"]
[SourceVersion "1"]
[SourceVersionDate "2021.03.04"]
[SourceQuality "1"]

1. e4 e6 2. d4 d5 3. exd5 exd5 4. Bd3 Nc6 5. Nf3 Bg4 6. Be3 Bd6 7. O-O Qd7 8.
c4 dxc4 9. Bxc4 Nge7 10. Nc3 Qf5 11. Be2 Ng6 12. a3 Qh5 13. g3 f5 14. Nb5 Rd8
15. Nxd6+ Rxd6 16. Kg2 f4 17. Ng1 Bxe2 18. Nxe2 f3+ 0-1